书目信息 |
| 题名: |
计算机操作系统
|
|
| 作者: | 颜彬 , 李登实 主编 | |
| 分册: | ||
| 出版信息: | 北京 清华大学出版社 2007.01 |
|
| 页数: | 291页 | |
| 开本: | 26cm | |
| 丛书名: | ||
| 单 册: | ||
| 中图分类: | TP316 | |
| 科图分类: | ||
| 主题词: | 软件 | |
| 电子资源: | ||
| ISBN: | 978-7-302-14147-1 | |
| 000 | 00622nam0 2200205 450 | |
| 001 | 0837554834 | |
| 005 | 20080303102651.15 | |
| 010 | @a978-7-302-14147-1@dCNY25.00 | |
| 100 | @a20080303d2007 km y0chiy0120 ea | |
| 101 | 0 | @achi |
| 102 | @aCN@b110000 | |
| 200 | 1 | @a计算机操作系统@Aji suan ji cao zuo xi tong@f颜彬,李登实主编@Fyan bin,li deng shi zhu bian |
| 210 | @a北京@c清华大学出版社@d2007.01 | |
| 215 | @a291页@d26cm | |
| 606 | 0 | @a软件 |
| 690 | @aTP316@v4 | |
| 701 | 0 | @a颜彬@Ayan bin@4主编 |
| 701 | 0 | @a李登实@Ali deng shi@4主编 |
| 801 | 0 | @aCN@b大连网信软件有限公司图书馆·11@c20080303 |
| 905 | @aZUCC@dTP316@eY105 | |
| 计算机操作系统/颜彬,李登实主编.-北京:清华大学出版社,2007.01 |
| 291页;26cm |
| ISBN 978-7-302-14147-1:CNY25.00 |
| ● |
| 相关链接 |
|
|
|
正题名:计算机操作系统
索取号:TP316/Y105
 
预约/预借
| 序号 | 登录号 | 条形码 | 馆藏地/架位号 | 状态 | 备注 |
| 1 | 479722 | 204797229 | 期刊室512/ [索取号:TP316/Y105] | 在馆 |